[Event "Warsaw Chess op-A"]
[Site "Warsaw"]
[Date "2022.07.23"]
[Round "7"]
[White "Ceponis, Tadas"]
[Black "Danielyan, Vahe"]
[Result "0-1"]
[WhiteElo "2093"]
[BlackElo "2295"]
[PlyCount "92"]
[EventDate "2022.07.18"]
[EventType "swiss"]
[EventRounds "9"]
[EventCountry "POL"]
[SourceTitle "CBM 209 Extra"]
[Source "ChessBase"]
[SourceDate "2022.09.30"]
[SourceVersion "1"]
[SourceVersionDate "2022.09.30"]
[SourceQuality "1"]

1. d4 Nf6 2. Nf3 g6 3. Bf4 Bg7 4. e3 0-0 5. Be2 b6 6. 0-0 Bb7 7. c4 d6 8. Nc3 Nbd7 9. Qc2 Rc8 10. h3 a6 11. Rad1 Qe8 12. Bh2 Kh8 13. Rfe1 e5 14. dxe5 dxe5 15. Nd5 e4 16. Nxf6 Bxf6 17. Nd2 Nc5 18. b4 Qa4 19. Qxa4 Nxa4 20. Bg4 Nc3 21. Bxc8 Rxc8 22. Nb3 Nxd1 23. Rxd1 Kg8 24. Rd7 Rd8 25. Rxd8+ Bxd8 26. Be5 f6 27. Bc3 Kf7 28. Kf1 h5 29. Ke1 Be7 30. Kd1 h4 31. a4 Bc8 32. b5 a5 33. Nd4 g5 34. Kc2 Bd6 35. Nc6 Bxh3 36. c5 bxc5 37. gxh3 g4 38. Nd8+ Ke8 39. Nb7 gxh3 40. b6 cxb6 41. Nxd6+ Kd7 42. Nxe4 h2 43. Nxf6+ Kc6 44. Ng4 h1Q 45. Ne5+ Kb7 46. f4 h3 0-1

[Event "Warsaw Chess op-A"]
[Site "Warsaw"]
[Date "2022.07.19"]
[Round "2"]
[White "Ciborowski, Konrad Jr"]
[Black "Ceponis, Tadas"]
[Result "1/2-1/2"]
[WhiteElo "1904"]
[BlackElo "2093"]
[PlyCount "48"]
[EventDate "2022.07.18"]
[EventType "swiss"]
[EventRounds "9"]
[EventCountry "POL"]
[SourceTitle "CBM 209 Extra"]
[Source "ChessBase"]
[SourceDate "2022.09.30"]
[SourceVersion "1"]
[SourceVersionDate "2022.09.30"]
[SourceQuality "1"]

1. Nf3 d5 2. e3 c5 3. b3 Nc6 4. Bb2 a6 5. Be2 Nf6 6. d4 Bg4 7. Nbd2 e6 8. 0-0 cxd4 9. Nxd4 Bxe2 10. Qxe2 Nxd4 11. Bxd4 Bb4 12. Rfd1 Bxd2 13. Qxd2 0-0 14. Qb4 b5 15. a4 Rb8 16. axb5 axb5 17. Ra5 Qc7 18. Bxf6 gxf6 19. Rxb5 Qxc2 20. Rf1 Rxb5 21. Qxb5 Ra8 22. Qb4 f5 23. g3 Ra2 24. Qh4 Qxb3 1/2-1/2

[Event "Baltija Cup 18th"]
[Site "Palanga"]
[Date "2022.06.23"]
[Round "7"]
[White "Ceponis, Tadas"]
[Black "Viskelis, Darius"]
[Result "0-1"]
[WhiteElo "2103"]
[BlackElo "2145"]
[PlyCount "112"]
[EventDate "2022.06.20"]
[EventType "swiss"]
[EventRounds "7"]
[EventCountry "LTU"]
[SourceTitle "CBM 209 Extra"]
[Source "ChessBase"]
[SourceDate "2022.09.30"]
[SourceVersion "1"]
[SourceVersionDate "2022.09.30"]
[SourceQuality "1"]

1. e4 c6 2. d4 d5 3. Nc3 g6 4. Nf3 Bg7 5. exd5 cxd5 6. Bb5+ Nc6 7. Ne5 Bxe5 8. dxe5 d4 9. Bxc6+ bxc6 10. Ne2 c5 11. 0-0 Qd5 12. b4 Qxe5 13. Bf4 Qd5 14. bxc5 Bb7 15. f3 e5 16. Bg3 Qxc5 17. Kh1 Ne7 18. c3 Nf5 19. cxd4 exd4 20. Rc1 Qa5 21. Nxd4 Nxg3+ 22. hxg3 0-0 23. Qc2 Rfd8 24. Nb3 Qa3 25. Rfd1 Bd5 26. Rd2 Be6 27. Rcd1 Rdc8 28. Qb2 Qe7 29. Qe5 Qb4 30. Rd4 Qa3 31. R4d3 Qf8 32. Qf6 h5 33. Kh2 Kh7 34. Nd4 Bxa2 35. R3d2 Bc4 36. f4 Qd8 37. Qe5 Qc7 38. Qf6 Qb6 39. Qe7 Re8 40. Qa3 Bd5 41. Rb2 Qf6 42. Qa5 Be4 43. Rdd2 h4 44. Qa3 Kg7 45. Kg1 Rac8 46. Rd1 Rh8 47. Re2 Rce8 48. Rdd2 h3 49. Nf3 hxg2 50. Rxg2 Qb6+ 51. Rgf2 Qb1+ 52. Rf1 Rh1+ 53. Kxh1 Qxf1+ 54. Kh2 Qxf3 55. Qa1+ Kh7 56. f5 Qh5+ 0-1

[Event "Baltija Cup 18th"]
[Site "Palanga"]
[Date "2022.06.22"]
[Round "6"]
[White "Rudzkis, Vilius"]
[Black "Ceponis, Tadas"]
[Result "0-1"]
[WhiteElo "1944"]
[BlackElo "2103"]
[PlyCount "48"]
[EventDate "2022.06.20"]
[EventType "swiss"]
[EventRounds "7"]
[EventCountry "LTU"]
[SourceTitle "CBM 209 Extra"]
[Source "ChessBase"]
[SourceDate "2022.09.30"]
[SourceVersion "1"]
[SourceVersionDate "2022.09.30"]
[SourceQuality "1"]

1. d4 c5 2. d5 e5 3. c4 d6 4. e4 g6 5. Nc3 Bg7 6. Bd3 Ne7 7. Nf3 a6 8. 0-0 0-0 9. a3 Bg4 10. b4 Nd7 11. Rb1 f5 12. Be2 cxb4 13. axb4 Rc8 14. Nd2 Bxe2 15. Qxe2 Nf6 16. f3 Bh6 17. Na4 b5 18. Nb2 Qb6+ 19. Kh1 Qe3 20. Qxe3 Bxe3 21. Nb3 Bxc1 22. Rbxc1 fxe4 23. fxe4 Nxe4 24. Rxf8+ Kxf8 0-1

[Event "LTU-ch sf"]
[Site "Vilnius"]
[Date "2022.04.08"]
[Round "1"]
[White "Ceponis, Tadas"]
[Black "Karsokaite, Irena"]
[Result "1-0"]
[WhiteElo "2118"]
[BlackElo "1530"]
[PlyCount "93"]
[EventDate "2022.04.08"]
[EventType "swiss"]
[EventRounds "9"]
[EventCountry "LTU"]
[SourceTitle "CBM 207 Extra"]
[Source "ChessBase"]
[SourceDate "2022.05.31"]
[SourceVersion "1"]
[SourceVersionDate "2022.05.31"]
[SourceQuality "1"]

1. d4 d5 2. Nc3 Nf6 3. Bg5 e6 4. a3 h6 5. Bh4 Be7 6. e3 0-0 7. Nf3 Nbd7 8. Bd3 c5 9. 0-0 b6 10. Ne5 Bb7 11. Re1 c4 12. Bf1 Nxe5 13. dxe5 Nd7 14. Bg3 Bh4 15. Bxh4 Qxh4 16. f4 Nc5 17. g3 Qe7 18. Bg2 Rad8 19. Qe2 a6 20. Rad1 b5 21. Rd4 f6 22. exf6 Qxf6 23. Qh5 Qf5 24. Qxf5 Rxf5 25. e4 Rf7 26. exd5 Rfd7 27. Red1 exd5 28. f5 Kh8 29. g4 Na4 30. Nxa4 bxa4 31. Re1 Bc6 32. Re6 Rd6 33. Rxd6 Rxd6 34. c3 Rd8 35. Kf2 Kg8 36. Kg3 Kf7 37. Kf4 Kf6 38. h4 g5+ 39. fxg6 Kxg6 40. Ke5 Re8+ 41. Kd6 Re2 42. Bf3 Rf2 43. Kxc6 Rxf3 44. Kxd5 Rf2 45. Rxc4 Rxb2 46. Rxa4 Rh2 47. Rxa6+ 1-0

[Event "LTU-chT"]
[Site "Lithuania"]
[Date "2019.01.27"]
[Round "2.4"]
[White "Ceponis, Tadas"]
[Black "Brazdzionis, Andrius"]
[Result "0-1"]
[WhiteElo "2106"]
[BlackElo "2311"]
[PlyCount "102"]
[EventDate "2019.01.26"]
[EventType "team-swiss"]
[EventRounds "7"]
[EventCountry "LTU"]
[SourceTitle "CBM 188 Extra"]
[Source "ChessBase"]
[SourceDate "2019.02.26"]
[SourceVersion "1"]
[SourceVersionDate "2019.02.26"]
[SourceQuality "1"]
[WhiteTeam "Kaunas Gambiteriai"]
[BlackTeam "Vilnius MRU"]
[WhiteTeamCountry "LTU"]
[BlackTeamCountry "LTU"]

1. e4 d6 2. d4 Nf6 3. Nc3 g6 4. Be3 a6 5. h3 b5 6. a3 Bb7 7. f3 Nbd7 8. Nge2 c6 9. g4 Qc7 10. Bg2 Nb6 11. b3 0-0-0 12. 0-0 Bg7 13. a4 Kb8 14. Ra2 b4 15. a5 Nbd7 16. Na4 Qxa5 17. c3 bxc3 18. Nexc3 Ne8 19. b4 Qc7 20. Qb3 f5 21. Rc1 Rc8 22. Nb2 fxg4 23. fxg4 Rf8 24. Bf1 d5 25. e5 Nxe5 26. dxe5 Qxe5 27. Ne2 h5 28. Nd1 hxg4 29. Bf2 Qg5 30. h4 Qh6 31. Qg3+ e5 32. Be3 Qh5 33. Nd4 Nd6 34. Ne6 Rxf1+ 35. Kxf1 Qf5+ 36. Nf2 Qxe6 37. Qxg4 Nf5 38. Re2 Rf8 39. Kg1 Bc8 40. Bg5 e4 41. Nd3 Nd4 42. Qg3+ Ka8 43. Re3 Rf3 44. Qc7 Qg4+ 45. Kh1 Qh3+ 46. Qh2 Rxe3 47. Bxe3 Qf3+ 48. Qg2 Qxe3 49. Rf1 exd3 50. Rf7 d2 51. Qf1 Qe1 0-1

[Event "LTU-chT"]
[Site "Lithuania"]
[Date "2017.03.18"]
[Round "6.4"]
[White "Ceponis, Tadas"]
[Black "Babrauskas, Darius"]
[Result "1-0"]
[WhiteElo "2117"]
[BlackElo "2013"]
[PlyCount "69"]
[EventDate "2017.01.28"]
[EventType "team-swiss"]
[EventRounds "7"]
[EventCountry "LTU"]
[SourceTitle "EXT 2018"]
[Source "ChessBase"]
[SourceDate "2017.10.13"]
[SourceVersion "1"]
[SourceVersionDate "2017.10.13"]
[SourceQuality "1"]
[WhiteTeam "Kaunas KTU"]
[BlackTeam "Marijampole Suduva"]
[WhiteTeamCountry "LTU"]
[BlackTeamCountry "LTU"]

1. e4 c5 2. d4 cxd4 3. c3 Nf6 4. e5 Nd5 5. Nf3 Nc6 6. cxd4 d6 7. Bc4 e6 8. 0-0 Be7 9. Qe2 0-0 10. Rd1 Bd7 11. Bd2 Qb6 12. Nc3 Nxc3 13. Bxc3 dxe5 14. dxe5 Rfd8 15. h4 Be8 16. Ng5 Rac8 17. Nxe6 fxe6 18. Bxe6+ Kh8 19. Bxc8 Rxc8 20. Qg4 Rd8 21. e6 Bf6 22. Bxf6 gxf6 23. Rxd8 Qxd8 24. Re1 Qe7 25. f4 Qc5+ 26. Kh2 Ne7 27. Rd1 h5 28. Qf3 Bc6 29. Rd8+ Kh7 30. Qd3+ Kg7 31. Qg3+ Kh7 32. Rf8 Ng6 33. Rf7+ Kh6 34. Rxf6 Be4 35. Rf7 1-0

[Event "LTU-ch"]
[Site "Vilnius"]
[Date "2017.03.03"]
[Round "9"]
[White "Ceponis, Tadas"]
[Black "Eigminas, Kipras"]
[Result "1/2-1/2"]
[WhiteElo "2117"]
[BlackElo "1815"]
[PlyCount "135"]
[EventDate "2017.02.25"]
[EventType "swiss"]
[EventRounds "9"]
[EventCountry "LTU"]
[SourceTitle "CBM 177 Extra"]
[Source "ChessBase"]
[SourceDate "2017.04.27"]
[SourceVersion "1"]
[SourceVersionDate "2017.04.27"]
[SourceQuality "1"]

1. c4 Nf6 2. Nc3 e6 3. d4 c5 4. d5 exd5 5. cxd5 d6 6. Nf3 g6 7. e4 Bg7 8. Nd2 0-0 9. Be2 Re8 10. 0-0 b6 11. a4 Ba6 12. Bb5 Bxb5 13. axb5 a5 14. Re1 Nbd7 15. Nc4 Ne5 16. Nxe5 Rxe5 17. Bf4 Re7 18. Qf3 Ne8 19. Bg5 f6 20. Bh4 Qd7 21. Qd3 Rf7 22. Re2 Nc7 23. f4 h5 24. Bg3 Raf8 25. Rae1 g5 26. e5 fxe5 27. fxe5 Rf5 28. e6 Qe7 29. Ne4 Rxd5 30. Qxd5 Nxd5 31. Bxd6 Qxe6 32. Bxf8 Nf4 33. Rd2 Bxf8 34. g3 Nd5 35. Rxd5 Be7 36. Rdd1 c4 37. Nxg5 Bc5+ 38. Kg2 Qc8 39. Re6 a4 40. Rde1 Qb7+ 41. R1e4 a3 42. bxa3 c3 43. Rg6+ Kh8 44. Rc6 c2 45. Rc4 Be3 46. Nf3 c1Q 47. Rxc1 Bxc1 48. Rxc1 Qd5 49. Re1 Qxb5 50. Re5 Qb2+ 51. Kh3 Qxa3 52. Rxh5+ Kg7 53. Nd4 Qd3 54. Ne6+ Kg8 55. Nf4 Qd7+ 56. g4 b5 57. Nd5 Qd6 58. Rg5+ Kf7 59. Rf5+ Kg7 60. Rg5+ Kf7 61. Rf5+ Kg7 62. Ne3 Qd3 63. Rf3 Kg6 64. Kg3 Qd6+ 65. Kg2 Qd2+ 66. Kg3 Qd6+ 67. Kg2 Qd2+ 68. Kg3 1/2-1/2

[Event "LTU-ch"]
[Site "Vilnius"]
[Date "2017.03.01"]
[Round "7"]
[White "Indriunas, Matas"]
[Black "Ceponis, Tadas"]
[Result "1/2-1/2"]
[WhiteElo "1652"]
[BlackElo "2117"]
[PlyCount "112"]
[EventDate "2017.02.25"]
[EventType "swiss"]
[EventRounds "9"]
[EventCountry "LTU"]
[SourceTitle "CBM 177 Extra"]
[Source "ChessBase"]
[SourceDate "2017.04.27"]
[SourceVersion "1"]
[SourceVersionDate "2017.04.27"]
[SourceQuality "1"]

1. e4 Nf6 2. e5 Nd5 3. c4 Nb6 4. d4 d6 5. exd6 exd6 6. Nf3 Be7 7. Be3 Bf5 8. Be2 0-0 9. 0-0 N8d7 10. Nc3 c6 11. d5 c5 12. Bd3 Bg4 13. b3 Re8 14. Ne4 Nf8 15. Ng3 Nbd7 16. h3 Bxf3 17. Qxf3 Ne5 18. Qd1 Nxd3 19. Qxd3 g6 20. Bd2 f5 21. Rfe1 Qd7 22. Bc3 Bg5 23. a3 Bh6 24. Ne2 b6 25. Bb2 Re7 26. Bf6 Re4 27. Ng3 Rxe1+ 28. Rxe1 Re8 29. Re2 Qf7 30. Bb2 Rxe2 31. Qxe2 Bg7 32. b4 cxb4 33. axb4 Nd7 34. Bxg7 Kxg7 35. Qa2 Nf6 36. Ne2 b5 37. Nd4 bxc4 38. Ne6+ Kg8 39. Qxc4 Qd7 40. g4 fxg4 41. hxg4 Ne8 42. Qc6 Qxc6 43. dxc6 d5 44. c7 Nd6 45. Nd4 a6 46. Nc6 Nc8 47. Nb8 Kf7 48. Nxa6 Ke7 49. b5 h5 50. gxh5 gxh5 51. Nb4 Kd6 52. Nd3 d4 53. Nf4 h4 54. Kf1 Kc5 55. Ke2 Kxb5 56. Kd3 Kc5 1/2-1/2

[Event "LTU-ch"]
[Site "Vilnius"]
[Date "2017.02.28"]
[Round "5"]
[White "Ceponis, Tadas"]
[Black "Pultinevicius, Paulius"]
[Result "0-1"]
[WhiteElo "2117"]
[BlackElo "2391"]
[PlyCount "158"]
[EventDate "2017.02.25"]
[EventType "swiss"]
[EventRounds "9"]
[EventCountry "LTU"]
[SourceTitle "CBM 177 Extra"]
[Source "ChessBase"]
[SourceDate "2017.04.27"]
[SourceVersion "1"]
[SourceVersionDate "2017.04.27"]
[SourceQuality "1"]

1. e4 c5 2. d4 cxd4 3. c3 dxc3 4. Nxc3 d6 5. Bc4 Nc6 6. Nf3 e6 7. 0-0 Nf6 8. Qe2 Be7 9. Rd1 e5 10. h3 0-0 11. Bg5 Be6 12. Bxf6 Bxf6 13. Nd5 Rc8 14. Bb3 Bg5 15. Qb5 Rb8 16. Nb4 Be7 17. Nxc6 bxc6 18. Qxc6 Qc8 19. Qa4 Qb7 20. Re1 Rfc8 21. Bxe6 fxe6 22. b3 Rc6 23. Rac1 Rbc8 24. Rxc6 Rxc6 25. Nd2 Kf7 26. Re3 Ra6 27. Rf3+ Bf6 28. Nc4 Ke7 29. Na5 Qc7 30. b4 d5 31. Qa3 Kf7 32. Rc3 Qe7 33. Rc5 dxe4 34. Qc3 Qd6 35. Qc4 Qd1+ 36. Kh2 Qd3 37. Rc6 Rxc6 38. Qxc6 e3 39. Qf3 Qd6 40. Qxe3 Qxb4 41. Nc6 Qf4+ 42. Qxf4 exf4 43. Kg1 a6 44. Kf1 e5 45. f3 Ke6 46. Ke2 Kd6 47. Nb4 a5 48. Nd3 Kd5 49. Kd2 Kc4 50. Nf2 Be7 51. Ne4 Bb4+ 52. Kc2 Kd4 53. Nf2 h5 54. Nd3 Bd6 55. Kd2 g5 56. Nf2 Bb4+ 57. Ke2 Kc3 58. Kd1 Kb2 59. Nd3+ Kxa2 60. Kc2 Bd6 61. Nf2 Ka3 62. Ne4 Be7 63. Kc3 h4 64. Nf2 Bc5 65. Ne4 Be7 66. Nf2 Bb4+ 67. Kc2 Ka4 68. Ne4 Be7 69. Nc3+ Ka3 70. Nd5 Bc5 71. Kc3 Bd4+ 72. Kc2 Ka4 73. Nc7 Kb4 74. Na6+ Kc4 75. Kb1 Kd3 76. Nc7 Bc5 77. Nd5 Ke2 78. Nc3+ Kf1 79. Ne4 Be7 0-1

[Event "LTU-ch"]
[Site "Vilnius"]
[Date "2017.02.26"]
[Round "3"]
[White "Jablokov, Dmitrij"]
[Black "Ceponis, Tadas"]
[Result "0-1"]
[WhiteElo "1783"]
[BlackElo "2117"]
[PlyCount "134"]
[EventDate "2017.02.25"]
[EventType "swiss"]
[EventRounds "9"]
[EventCountry "LTU"]
[SourceTitle "CBM 177 Extra"]
[Source "ChessBase"]
[SourceDate "2017.04.27"]
[SourceVersion "1"]
[SourceVersionDate "2017.04.27"]
[SourceQuality "1"]

1. d4 d5 2. c4 c6 3. Nc3 Nf6 4. e3 a6 5. a4 e6 6. Nf3 Bb4 7. Bd2 0-0 8. Bd3 c5 9. 0-0 Nc6 10. cxd5 exd5 11. h3 c4 12. Bc2 Re8 13. Re1 Be6 14. e4 Bxc3 15. bxc3 dxe4 16. Bxe4 Nxe4 17. Rxe4 Bd5 18. Rxe8+ Qxe8 19. Qc2 Be4 20. Qb2 Bxf3 21. gxf3 Na5 22. Qb4 Nb3 23. Re1 Qc6 24. Bf4 b5 25. axb5 axb5 26. Kg2 Re8 27. Re7 h6 28. d5 Qg6+ 29. Bg3 f5 30. d6 Rxe7 31. dxe7 Qc6 32. Qd6 Qxd6 33. e8Q+ Qf8 34. Qxb5 Qf7 35. Bf4 Kh7 36. h4 Qg6+ 37. Kh3 Qe6 38. Kg2 Kg6 39. Be3 Na1 40. Qa4 Nb3 41. Qb5 Kh5 42. Kg3 Kg6 43. Kg2 Kh7 44. Bf4 Kg8 45. Qb8+ Kh7 46. Qb5 Kg6 47. Be3 Kh5 48. Kg3 Kg6 49. Kg2 Qf7 50. Bf4 Kh5 51. Kg3 g5 52. hxg5 hxg5 53. Be5 Nc1 54. Qb8 f4+ 55. Kg2 Nd3 56. Bd4 Ne1+ 57. Kf1 Nxf3 58. Qa8 Kg4 59. Kg2 Nh4+ 60. Kh2 Qh7 61. Qc8+ Qf5 62. Qxc4 Nf3+ 63. Kg2 Nh4+ 64. Kh2 Nf3+ 65. Kg2 Ne1+ 66. Kf1 Nf3 67. Qe2 Qb1+ 0-1

[Event "WchT Amateur"]
[Site "Kaunas"]
[Date "2016.11.25"]
[Round "6.2"]
[White "Ceponis, Tadas"]
[Black "Villa, Alessandro"]
[Result "1-0"]
[WhiteElo "2111"]
[BlackElo "1968"]
[PlyCount "101"]
[EventDate "2016.11.20"]
[EventType "team-swiss"]
[EventRounds "9"]
[EventCountry "LTU"]
[SourceTitle "CBM 175 Extra"]
[Source "ChessBase"]
[SourceDate "2016.12.12"]
[SourceVersion "1"]
[SourceVersionDate "2016.12.12"]
[SourceQuality "1"]
[WhiteTeam "Lithuania VDU"]
[BlackTeam "Italy"]
[WhiteTeamCountry "LTU"]
[BlackTeamCountry "ITA"]

1. d4 Nf6 2. c4 g6 3. Nc3 d5 4. cxd5 Nxd5 5. e4 Nxc3 6. bxc3 Bg7 7. Nf3 c5 8. Rb1 0-0 9. Be2 Nc6 10. d5 Ne5 11. Nxe5 Bxe5 12. Qc2 Bg7 13. 0-0 e6 14. dxe6 fxe6 15. f4 b6 16. Be3 Bh6 17. a4 Kh8 18. e5 Bd7 19. Rf3 Qe8 20. a5 Rb8 21. Qc1 Qf7 22. g4 Bc6 23. Rf2 Be4 24. Rb2 Qe7 25. Bf3 Qb7 26. Bxe4 Qxe4 27. g5 Bg7 28. Rfe2 Qf3 29. Rf2 Qe4 30. Rfe2 Qc4 31. Qb1 Rf7 32. Qa2 Qxa2 33. Rxa2 Rd7 34. Red2 Rxd2 35. Rxd2 Bf8 36. a6 Kg8 37. Rd7 Ra8 38. c4 h6 39. gxh6 Bxh6 40. Kg2 Bg7 41. h4 Kf8 42. Kf3 Bh6 43. f5 Bxe3 44. Kxe3 exf5 45. Kf4 b5 46. cxb5 c4 47. Ke3 Rc8 48. Kd2 c3+ 49. Kc2 Rc5 50. b6 axb6 51. a7 1-0

[Event "WchT Amateur"]
[Site "Kaunas"]
[Date "2016.11.22"]
[Round "3.2"]
[White "Velioniskis, Robertas"]
[Black "Ceponis, Tadas"]
[Result "0-1"]
[WhiteElo "1921"]
[BlackElo "2111"]
[PlyCount "100"]
[EventDate "2016.11.20"]
[EventType "team-swiss"]
[EventRounds "9"]
[EventCountry "LTU"]
[SourceTitle "CBM 175 Extra"]
[Source "ChessBase"]
[SourceDate "2016.12.12"]
[SourceVersion "1"]
[SourceVersionDate "2016.12.12"]
[SourceQuality "1"]
[WhiteTeam "Lithuania KTU"]
[BlackTeam "Lithuania VDU"]
[WhiteTeamCountry "LTU"]
[BlackTeamCountry "LTU"]

1. d4 d5 2. Nf3 Bf5 3. Bf4 e6 4. e3 Bd6 5. Bg3 a6 6. Bd3 Bxg3 7. hxg3 Nc6 8. Bxf5 exf5 9. Nbd2 Nf6 10. c4 0-0 11. 0-0 Re8 12. a3 Ne7 13. Qb3 Rb8 14. cxd5 Nexd5 15. Rac1 c6 16. Ne5 Re6 17. Qc2 g6 18. Ndf3 Ne4 19. Nd3 Qf8 20. Nf4 Rd6 21. Nxd5 Rxd5 22. g4 fxg4 23. Qxe4 gxf3 24. Qxf3 Rbd8 25. Rfd1 Qd6 26. Rd2 Rh5 27. g3 Rf5 28. Qe4 Rb5 29. Qc2 h5 30. f4 Qe6 31. e4 Qg4 32. Qc3 h4 33. Kg2 Qe6 34. Qf3 hxg3 35. Kxg3 Rb3 36. Rc3 Rxc3 37. bxc3 Re8 38. e5 Qe7 39. Rh2 Qxa3 40. f5 gxf5 41. Rh5 Re6 42. Rg5+ Rg6 43. Rxg6+ fxg6 44. Qe3 Kg7 45. Kf4 Qe7 46. Qh3 a5 47. c4 a4 48. d5 cxd5 49. cxd5 Qb4+ 50. Kg5 Qd2+ 0-1

[Event "WchT Amateur"]
[Site "Kaunas"]
[Date "2016.11.21"]
[Round "2.2"]
[White "Ceponis, Tadas"]
[Black "Petraitis, Gintautas"]
[Result "1-0"]
[WhiteElo "2111"]
[BlackElo "1933"]
[PlyCount "39"]
[EventDate "2016.11.20"]
[EventType "team-swiss"]
[EventRounds "9"]
[EventCountry "LTU"]
[SourceTitle "CBM 175 Extra"]
[Source "ChessBase"]
[SourceDate "2016.12.12"]
[SourceVersion "1"]
[SourceVersionDate "2016.12.12"]
[SourceQuality "1"]
[WhiteTeam "Lithuania VDU"]
[BlackTeam "Lithuania Milsa"]
[WhiteTeamCountry "LTU"]
[BlackTeamCountry "LTU"]

1. d4 d5 2. Nf3 Nf6 3. c4 e6 4. Nc3 c6 5. Bg5 Nbd7 6. cxd5 exd5 7. e3 Qa5 8. Nd2 Bb4 9. Qc2 0-0 10. Bd3 h6 11. Bh4 Re8 12. 0-0 a6 13. Rfe1 g5 14. Bg3 Qd8 15. a3 Bf8 16. Nf1 Bg7 17. Rad1 Qe7 18. e4 dxe4 19. Nxe4 Qf8 20. Bd6 1-0

[Event "LTU-chT"]
[Site "Lithuania"]
[Date "2016.04.02"]
[Round "6.1"]
[White "Ceponis, Tadas"]
[Black "Burstein, Roman"]
[Result "1/2-1/2"]
[WhiteElo "2062"]
[BlackElo "2331"]
[PlyCount "197"]
[EventDate "2016.01.23"]
[EventType "team-swiss"]
[EventRounds "7"]
[EventCountry "LTU"]
[SourceTitle "EXT 2017"]
[Source "ChessBase"]
[SourceDate "2016.10.25"]
[SourceVersion "1"]
[SourceVersionDate "2016.10.25"]
[SourceQuality "1"]
[WhiteTeam "Kaunas Milsa"]
[BlackTeam "Vilnius Chess United"]
[WhiteTeamCountry "LTU"]
[BlackTeamCountry "LTU"]

1. d4 Nf6 2. Nf3 g6 3. c4 c5 4. Nc3 Bg7 5. d5 0-0 6. e4 d6 7. h3 e6 8. Bd3 exd5 9. cxd5 Na6 10. 0-0 Nc7 11. a4 b6 12. Bf4 a6 13. Nd2 Rb8 14. Nc4 Nfe8 15. Qe2 b5 16. axb5 axb5 17. Na5 c4 18. Bb1 Bb7 19. Be3 Ba8 20. Qd2 b4 21. Ne2 c3 22. bxc3 Nb5 23. Bd4 bxc3 24. Bxc3 Nxc3 25. Nxc3 Rb4 26. Ra3 Qb6 27. Bc2 Nf6 28. Rfa1 Nd7 29. Nb3 Qc7 30. Nc1 Nb6 31. Bd3 Qc5 32. N1e2 Bb7 33. R1a2 Rc8 34. Na4 Nxa4 35. Rxa4 Rb3 36. Rc4 Qb6 37. Rxc8+ Bxc8 38. Ra8 Qb7 39. Qa5 Bf8 40. Ra7 Qb8 41. Bc2 Rb5 42. Qc7 Qxc7 43. Rxc7 Bb7 44. Nd4 Rb4 45. Nf3 h6 46. Bd3 Bg7 47. Rc1 Kf8 48. Rb1 Rxb1+ 49. Bxb1 Ba6 50. g3 Bc3 51. Kg2 Ke7 52. Ng1 Kf6 53. Bc2 Ke5 54. Nf3+ Kf6 55. h4 Be2 56. Ng1 Bc4 57. f4 Ke7 58. Nh3 Kf6 59. Nf2 Bd4 60. Ng4+ Kg7 61. Kf3 f6 62. Ne3 Bb5 63. Bd1 h5 64. Be2 Bd7 65. Bd3 Kf7 66. Ba6 Kg7 67. Bb7 Kf7 68. Bc6 Bc8 69. Bb5 Ke7 70. Ke2 Bh3 71. Kd3 Bc5 72. Ba4 Bc8 73. Ke2 Ba6+ 74. Kf3 Bc8 75. Bb5 Bd4 76. Bd3 Kf7 77. f5 g5 78. Bb5 Ke7 79. Nc2 Bc5 80. g4 hxg4+ 81. Kxg4 gxh4 82. Kxh4 Kf7 83. Kh5 Kg7 84. Ne1 Bb6 85. Nd3 Bd4 86. Nf4 Bb6 87. Kg4 Kf7 88. Kf3 Kg7 89. Ke2 Kh6 90. Kd3 Kg5 91. Ne2 Kg4 92. Nc1 Kf4 93. Nb3 Kg5 94. Nd2 Kf4 95. Nc4 Bc5 96. Na5 Bb6 97. Nb3 Kf3 98. Nc1 Kf4 99. Ne2+ 1/2-1/2

[Event "LTU-chT"]
[Site "Lithuania"]
[Date "2016.02.06"]
[Round "3.5"]
[White "Jonkus, Lukas"]
[Black "Ceponis, Tadas"]
[Result "0-1"]
[WhiteElo "1890"]
[BlackElo "2062"]
[PlyCount "46"]
[EventDate "2016.01.23"]
[EventType "team-swiss"]
[EventRounds "7"]
[EventCountry "LTU"]
[SourceTitle "CBM 170 Extra"]
[Source "ChessBase"]
[SourceDate "2016.02.25"]
[SourceVersion "1"]
[SourceVersionDate "2016.02.25"]
[SourceQuality "1"]
[WhiteTeam "Plunge Bokstas"]
[BlackTeam "Kaunas Milsa"]
[WhiteTeamCountry "LTU"]
[BlackTeamCountry "LTU"]

1. d4 c5 2. Nf3 cxd4 3. Nxd4 Nf6 4. g3 e5 5. Nb3 d5 6. Bg2 Bb4+ 7. N1d2 0-0 8. 0-0 Nc6 9. c3 Be7 10. e4 Bg4 11. Qe1 d4 12. cxd4 Nb4 13. f3 Nc2 14. Qf2 Nxa1 15. Nxa1 Bh5 16. dxe5 Nd7 17. Nc4 b5 18. Ne3 Nxe5 19. Rd1 Qb6 20. g4 Rac8 21. Nac2 Bg6 22. f4 Nxg4 23. Qe2 Rxc2 0-1

[Event "LTU-chT"]
[Site "Lithuania"]
[Date "2016.01.24"]
[Round "2.5"]
[White "Ceponis, Tadas"]
[Black "Steponavicius, Stasys"]
[Result "1/2-1/2"]
[WhiteElo "2062"]
[BlackElo "2207"]
[PlyCount "101"]
[EventDate "2016.01.23"]
[EventType "team-swiss"]
[EventRounds "7"]
[EventCountry "LTU"]
[SourceTitle "CBM 170 Extra"]
[Source "ChessBase"]
[SourceDate "2016.02.25"]
[SourceVersion "1"]
[SourceVersionDate "2016.02.25"]
[SourceQuality "1"]
[WhiteTeam "Kaunas Milsa"]
[BlackTeam "Kaunas Margiris"]
[WhiteTeamCountry "LTU"]
[BlackTeamCountry "LTU"]

1. c4 e5 2. Nc3 Nf6 3. g3 d5 4. cxd5 Nxd5 5. Bg2 Nb6 6. Nf3 Nc6 7. 0-0 Be7 8. a3 0-0 9. d3 Be6 10. Be3 f6 11. Nd2 Rb8 12. Na4 Nd4 13. Nxb6 axb6 14. Bxd4 exd4 15. Qc2 Qd7 16. Rfc1 c6 17. b4 Rbe8 18. Qb2 f5 19. b5 c5 20. Nc4 Bd8 21. Qd2 Bc7 22. Bxb7 Bd5 23. Bxd5+ Qxd5 24. f3 h5 25. f4 g5 26. Rf1 gxf4 27. gxf4 Kh7 28. Rf3 Rg8+ 29. Kf2 Rg4 30. Rf1 Qg8 31. Ke1 Rg2 32. h3 Bd8 33. Kd1 Bh4 34. Qc2 Rg1 35. Kc1 Rxf1+ 36. Rxf1 Qg2 37. Rd1 Rxe2 38. Rd2 Qf1+ 39. Kb2 Rxd2 40. Nxd2 Qxf4 41. Nc4 Bd8 42. Qe2 Qg5 43. Nd6 Bc7 44. Nxf5 Qxf5 45. Qe7+ Kg8 46. Qxc7 Qxd3 47. Qd8+ Kf7 48. Qc7+ Ke8 49. Qc8+ Ke7 50. Qc7+ Ke8 51. Qc8+ 1/2-1/2

[Event "LTU-chT"]
[Site "Lithuania"]
[Date "2015.01.24"]
[Round "1.3"]
[White "Vaitonis, Vytautas"]
[Black "Ceponis, Tadas"]
[Result "0-1"]
[WhiteElo "1970"]
[BlackElo "2050"]
[PlyCount "100"]
[EventDate "2015.01.24"]
[EventType "team-tourn"]
[EventRounds "7"]
[EventCountry "LTU"]
[SourceTitle "CBM 164 Extra"]
[Source "ChessBase"]
[SourceDate "2015.03.02"]
[SourceVersion "1"]
[SourceVersionDate "2015.03.02"]
[SourceQuality "1"]
[WhiteTeam "Klaipeda Bokstas"]
[BlackTeam "Kaunas Milsa"]
[WhiteTeamCountry "LTU"]
[BlackTeamCountry "LTU"]

1. c4 c5 2. Nc3 Nc6 3. g3 g6 4. Bg2 Bg7 5. Nf3 d6 6. d3 e6 7. 0-0 Nge7 8. Bd2 0-0 9. a3 Rb8 10. Rb1 a6 11. b4 cxb4 12. axb4 b5 13. cxb5 axb5 14. Qc1 Nd4 15. Nxd4 Bxd4 16. Bg5 Bg7 17. Qd2 Bb7 18. e4 Ba8 19. Rfc1 Qd7 20. Bh6 Bxh6 21. Qxh6 d5 22. exd5 Bxd5 23. Ne4 Bxe4 24. dxe4 Rfd8 25. h3 Nc6 26. Rc5 Qd3 27. Qc1 Nd4 28. Qf1 Qd2 29. Kh1 Rbc8 30. Rbc1 Rxc5 31. bxc5 Nc6 32. e5 Nxe5 33. c6 Nc4 34. c7 Rc8 35. Rd1 Qg5 36. Rd7 Nb6 37. Bb7 Rf8 38. Rd6 Nc8 39. Rc6 Qd5+ 40. Qg2 Qd1+ 41. Kh2 b4 42. Rc4 b3 43. Bxc8 b2 44. Rb4 b1Q 45. Rxb1 Qxb1 46. Qb7 Qf1 47. Bd7 Qxf2+ 48. Qg2 Qc5 49. c8Q Rxc8 50. Bxc8 Qxc8 0-1